000
00289nam a22001337a 4500
008
171130b xxu||||| |||| 00| 0 eng d
020
_a
9781569800690
041
_a
eng
080
_a
82
100
_a
21
101
_a
GJL
245
_a
THE CRY FOR JUSTICE
_c
SINCLAIR, U
942
_2
udc
_c
BK
999
_c
38639
_d
38639